00604nam a2200181 i 4500001000400000245005000004250002200054260005200076300002500128650002900153650005200182655001700234020001600251040000800267041000800275008004100283856009800324bgj00aCambridge international dictionary of idioms. a[reprinted 1999]. aCambridge :bCambridge University Press,c1999. aXV, 587 pp ;c20 cm. 9aEnglish languagexIdioms 9aEnglish languagexConversation and phrase books aDictionaries a052162567 X cBPK0 aeng s uk f |000 0 eng  uhttp://koha.tu.koszalin.pl/cgi-bin/koha/opac-detail.pl?biblionumber=48225yKatalog online BPK